[Event "Aerosvit 2007"]
[Site "Foros RUS"]
[Date "2007.06.29"]
[Round "11"]
[White "GM Ivanchuk, Vassily(UKR)"]
[Black "GM Svidler, Peter(RUS)"]
[Result "1/2-1/2"]
[WhiteElo "2729"]
[BlackElo "2736"]
[Annotator "Ëåáåäåâ Âàñèëèé"]
[PlyCount "37"]
[EventDate "2007.06.29"]

1. d4 Nf6 2. c4 g6 3. Nc3 d5 4. Qb3 dxc4 5. Qxc4 Bg7 6. e4 O-O 7. Be2 Nfd7 8.
Be3 Nb6 9. Qc5 e5 10. Nf3 N8d7 11. Qa5 exd4 12. Bxd4 Bxd4 13. Nxd4 Qe7 14. O-O
Nc5 $146 {Êàê ãëàâíûé ïî Ãðþíôåëüäó Ï¸òð áûë ïðîñòî îáÿçàí ïðèìåíèòü ãäå-òî
çäåñü íîâèíêó.} ({Èáî, ïîñìîòðèòå, êàêóþ ïðåêðàñíóþ ïàðòèþ íà ÷åìïèîíàòå
Åâðîïû â Äðåçäåíå âûèãðàë â ýòîì âàðèàíòå Êîíñòàíòèí Ñàêàåâ. Ïðîñòî øèê, áëåñê,
êðàñîòà + çâîíêàÿ ïåðåêëè÷êà ñ êëàññèêîé!} 14... Rd8 15. Rad1 Ne5 16. Nb3 Re8
17. Qc5 Qxc5 18. Nxc5 c6 19. Rd4 Ned7 20. Nb3 a5 21. a3 Kf8 22. f4 f6 23. h4
Ke7 24. g4 h6 25. Kf2 g5 26. f5 $1 {
Êàê ñåé÷àñ «ïîìíþ» - 1914-é ãîä, Ïåòåðáóðã, Ëàñêåð - Êàïàáëàíêà...} Ne5 27.
hxg5 hxg5 28. Rh1 Rf8 29. Nc5 Nbd7 30. Ne6 Rf7 31. Rh8 Rb8 32. Kg3 b5 33. b4
axb4 34. axb4 Ba6 35. Rxb8 Nxb8 36. Rd8 Nbd7 37. Ra8 Bb7 38. Ra7 Bc8 39. Rc7
Ba6 40. Ra7 Bc8 41. Rc7 Ba6 42. Nc5 Rf8 43. Nxd7 (43. Nxa6 $6 Ra8 44. Nc5 $140
(44. Bxb5 $142 $1) 44... Ra3) 43... Nxd7 44. Rxc6 Bb7 45. Nd5+ Kd8 46. Re6 Bxd5
47. exd5 Kc7 48. Bxb5 Rb8 49. Bxd7 Kxd7 50. Rxf6 Rxb4 51. Rg6 Rb3+ 52. Kf2 Rb2+
53. Ke3 Rb3+ 54. Ke4 {
(1-0 Sakaev,K (2633) - Ftacnik,L (2573)/Dresden GER 2007).}) 15. Qa3 {
Ëèäåð îñîáî «ïðèíöèïèàëüíè÷àòü» íå ñòàë.} (15. Bf3 $5 Nd3 $140 16. Nd5 $1
Nxd5 17. exd5 Nxb2 $4 18. Qb5 Qa3 19. Rfb1 Na4 20. Rb3 $18) 15... Re8 16. Rfe1
(16. f3 $5 Nca4 $140 17. Nxa4 Qxa3 18. bxa3 Nxa4 19. Bb5 Rd8 20. Nc6 $1 bxc6
21. Bxa4 $14) 16... Ne6 17. Qxe7 Rxe7 18. Nc2 Nc5 19. f3 {Èâàí÷óê - ÷åìïèîí!}
1/2-1/2

[Event "Aerosvit 2007"]
[Site "Foros RUS"]
[Date "2007.06.29"]
[Round "11"]
[White "GM Jakovenko, Dmitry(RUS)"]
[Black "GM Karjakin, Sergey(UKR)"]
[Result "1/2-1/2"]
[WhiteElo "2708"]
[BlackElo "2686"]
[Annotator "Ëåáåäåâ Âàñèëèé"]
[PlyCount "57"]
[EventDate "2007.06.29"]

1. e4 e5 2. Nf3 Nc6 3. Bb5 a6 4. Ba4 Nf6 5. O-O Be7 (5... b5 6. Bb3 Be7 7. d4
d6 8. c3 O-O 9. Re1 Bg4) 6. Re1 b5 7. Bb3 O-O 8. d4 Nxd4 ({Ïîñëå} 8... d6 9. c3
Bg4 {Bg4 ïîëó÷àëàñü ïîçèöèÿ èç â÷åðàøíåé ñóïåðïàðòèè Øèðîâ - Èâàí÷óê..}) 9.
Nxd4 exd4 10. e5 Ne8 11. c3 {
Â ïîñëåäíåì òóðå, ïðîòèâ îäíîãî èç ëèäåðîâ è ãàìáèò? Óâàæàþ!} ({Êàê ïîñëå} 11.
Qxd4 {
óðàâíÿòü è îòáèòüñÿ õîðîøî áûëî ïîêàçàíî â ñîâñåì óæ ñâåæåíüêîé ïàðòèè. Õîòÿ...
} Bb7 12. c4 bxc4 13. Qxc4 d5 14. exd6 Nxd6 15. Qg4 Nb5 $5 16. Nc3 Nxc3 $1 17.
bxc3 Bd6 18. Bf4 Qf6 19. Bxd6 cxd6 20. Rad1 Rad8 21. Re3 Rfe8 22. Rde1 (22.
Rxe8+ $5 Rxe8 23. Qb4 Re7 $1 24. Bc4 $5 (24. Bd5 Qe5 $1) 24... Rd7 25. Qa4 Rd8
26. Qb3 Rd7 {, ïîõîæå íà óòîìèòåëüíîå ðàâåíñòâî, íî, ãì-ì...}) 22... Rxe3 23.
Rxe3 g6 24. h4 h5 25. Qb4 Rd7 26. Rd3 Re7 27. Qd4 Re1+ 28. Kh2 Qe7 29. Re3 {
(1/2 Carlsen,M (2693) - Leko,P (2738)/Dortmund GER 2007).}) 11... dxc3 12. Nxc3
d6 13. Qf3 Be6 14. Bf4 (14. Nd5 Bxd5 15. Bxd5 Rb8 16. Be3 c5 17. Rad1 Qc7 18.
e6 fxe6 19. Bxe6+ Kh8 20. Qh3 g6 21. b4 c4 22. Bd5 Bf6 23. Be4 Qf7 24. Bd5 Qc7
25. Be4 Qf7 26. Bd5 {(1/2 Timofeev,A (2657) - Sutovsky,E (2607)/Montreal 2006).
}) 14... Bxb3 $146 ({Ïîñëå} 14... dxe5 15. Bxe5 {öåïëÿòüñÿ çà ïåøêó íå ñòîèò -}
Nf6 (15... Bd6 $142 16. Rad1 Bxb3 17. axb3 Nf6 18. Bxd6 cxd6 19. Qc6 Re8 20.
Rxe8+ Qxe8 21. Qxd6 h6 22. Qd4 Qe6 23. b4 Re8 24. h3 Qf5 25. Qa7 Re6 26. Qd4
Kh7 27. Qd3 Re1+ 28. Kh2 Qxd3 29. Rxd3 Ne4 30. Rd4 f5 31. f3 Nxc3 32. bxc3 Rc1
33. Rd3 Kg8 34. h4 Kf8 35. Kg3 Ke7 36. Kf4 Ke6 37. h5 Rh1 38. g4 fxg4 39. fxg4
Rf1+ 40. Ke4 Re1+ 41. Kf4 Rf1+ 42. Ke4 {
1/2 Polzin,R (2480) - Stern,R (2457)/Germany 2006}) 16. Rad1 Qc8 17. Bxe6 fxe6
18. Qc6 $14 Rf7 19. Bxf6 Rxf6 20. Rd7 Bb4 21. Rxe6 $16 {Îäíàêî, ïîëó÷èòü
õîðîøóþ ïîçèöèþ ïðîòèâ èãðîêîâ èç Ïîäíåáåñíîé è âûèãðàòü å¸ -  ñîâñåì íå
îäíî è òî æå..:} Bxc3 22. bxc3 Rxe6 23. Qxe6+ Kh8 24. Qg4 Qf8 25. Rxc7 Re8 26.
g3 h6 27. Kg2 Qf6 28. h4 Kh7 29. h5 Re5 30. Qd4 Qf5 31. Ra7 Qxh5 32. Rxa6 Qf5
33. Rb6 $14 (33. Ra7 $5) 33... Rd5 34. Qe3 $6 $11 (34. g4 $5 Rxd4 35. gxf5 Rd5
36. f6) 34... Rd3 35. Qe2 (35. Qe6 $1 Qf3+ 36. Kh3 Qh5+ 37. Kg2 Qf3+ 38. Kh3
$11) 35... Qd5+ 36. Kh2 $4 (36. Kh3 $1 $11) 36... Rd1 $19 37. Qc2+ Kg8 38. Rb8+
Kf7 39. Rb7+ Kf6 40. Rb6+ {Õîòÿ, è êèòàÿíêè íå æåëåçíûå -} Kf7 $4 (40... Ke7 $1
41. Rb7+ Kd8 42. Rb8+ Kc7 $19) 41. Qg6+ {
(1-0 Kosintseva,T (2479) - Wang Yu A (2390)/Ergun 2006).}) 15. axb3 dxe5 16.
Bxe5 ({
Ëþáîïûòíî ïîïðîáîâàòü ïðèìåíèòü, èñïîëüçóÿ ôóòáîëüíóþ òåðìèíîëîãèþ, íàâàë:
} 16. Rad1 Bd6 17. Rxe5 h6 18. Rh5 {
Õîòÿ, íåêîòîðîå êîëè÷åñòâî êðàñîò áûëî îáíàðóæåíî:} Nf6 $140 19. Rf5 Re8 (19...
Qe7 $144 20. Bxh6 $1 Rfe8 21. g3 Qe6 $1 22. Bg5 Nh7 $140 (22... Nd7 $5) 23. Nd5
c6 24. Nf6+ $1 Nxf6 $1 (24... gxf6 $143 25. Bxf6 Nf8 $1 ({ïëîõî òðóñëèâîå} 
25... Kf8 $2 26. Bc3 $1 Re7 27. Rh5 Kg8 28. Qxc6 Rd8 29. Ba5 Bc7 30. Rxd8+ Bxd8
31. Qxe6 Rxe6 32. Bxd8 Re2 33. b4 Rxb2 34. Be7 $16) 26. Qg4+ Ng6 27. h4 Be7 28.
Bc3 $36 Rad8 29. Re1 $36) 25. Bxf6 g6 26. Rg5 Be7 27. Bxe7 Qxe7 28. h4 Rad8 $11
{, ê ïðèìåðó:} 29. Rc1 Rd2 ({èëè} 29... Qe2 30. Qxc6 Qxb2 31. h5 Rc8 (31... Qd2
$4 32. Rxg6+ $1) 32. Qxc8 Rxc8 33. Rxc8+ Kh7 $1 (33... Kg7 34. hxg6 fxg6 35.
Rc6 $16) 34. hxg6+ fxg6 35. Rc6 Qb1+ 36. Kh2 Qxb3 37. Rxa6 $11) 30. Rxc6 {
, ïðèãëàøàÿ ÷¸ðíûõ íà âàðèàíò} Qe1+ 31. Kg2 Rxf2+ 32. Qxf2 Re2 33. Rf6 Rxf2+
34. Rxf2 $11) 20. Bxh6 (20. g3) 20... b4 $5 ({
âîçìîæåí áûë ïåðåõîä ê óæå ðàññìîòðåííûì âàðèàíòàì:} 20... Qe7 21. g3 Qe6 {
è ò.ä.}) 21. Bxg7 $1 Qe7 $1 (21... Kxg7 22. Nd5 $18) {
È áåëûå íà÷èíàþò «ôååðèòü»} 22. Qxa8 $3 Rxa8 23. Bxf6 Qe6 $8 (23... Qd7 $4
24. Rh5) 24. Rg5+ Kf8 $5 ({åñòü íè÷üÿ -} 24... Kh7 25. Nd5 Rg8 26. Rh5+ Kg6
27. Rg5+ Kh7) 25. Nd5 Qe2 $8 26. Ra1 $1 {ëþáîïûòíàÿ ïîçèöèÿ. Èãðîâàÿ òàêàÿ...}
) 16... Bd6 {Ïîñëå ýòîãî õîäà áåëûå ïðîâîäÿò ìàëåíüêóþ êîìáèíàöèþ,
âîçâðàùàþò ïîæåðòâîâàííîå è íà÷èíàþò ñëåãêà «ïîääàâëèâàòü».} ({
Âèäèìî, ïåðñïåêòèâíåå (â ïëàíå áîðüáû çà óðàâíåíèå)} 16... Nf6 $5 17. Rad1 $140
(17. Red1 $5) 17... Bd6 18. Bxd6 cxd6 19. Qc6 d5 $1 20. Nxd5 Nxd5 21. Rxd5 Rc8
$1 {è ò.ä.}) 17. Nxb5 $1 Bxe5 18. Rxe5 Nd6 19. Nd4 ({Çàñëóæèâàëî âíèìàíèÿ è} 
19. Nc3 $5 {ïîêàìåñò èçáåãàÿ ðàçìåíà êîíåé.}) 19... Nb5 20. Nc6 Nd4 21. Nxd4
Qxd4 22. Qc3 Qb6 23. Rc5 Ra7 {Ãì-ì... äóìàåòñÿ åñëè áû íå ïîñëåäíèé òóð, òî
÷¸ðíûõ ìîãëè áû ñëåãêà è «ïîâîçèòü» çà òàêîå, ñëåãêà ïðåíåáðåæèòåëüíîå,
îòíîøåíèå ê ëàäüþøå÷êàì.} (23... Rab8 $142 24. Rxc7 (24. Ra3 $143 $2 Rfe8 25.
g3 Re2) 24... Qxb3 25. Qxb3 Rxb3 26. Rxa6 Rxb2 $11) 24. Rc1 (24. Rc6 $5 Qb5 25.
Re1 $36) 24... Rb8 $6 {Åù¸ îäíà íåòî÷íîñòü, îòñòàþùàÿñÿ íåçàìå÷åííîé.} (
24... Rb7 $1 $11) 25. Rxc7 $6 $11 {
Ïîñëå ýòîãî õîäà, íà÷èíàþùåãî «ìîðäîáîé», ñðàçó ïîëó÷àåòñÿ ðàâåíñòâî.} ({
Òîíüøå áûëî} 25. Rd1 $1 Rab7 26. Rd3) 25... Rxc7 26. Qxc7 Qxc7 27. Rxc7 g6 28.
Rc3 Rd8 {È áåëûå âûíóæäåíû ïîòåðÿòü òåìï} 29. g3 {
, à ÷¸ðíàÿ ëàäüÿ èä¸ò íà d2...} 1/2-1/2

[Event "Aerosvit 2007"]
[Site "Foros RUS"]
[Date "2007.06.29"]
[Round "11"]
[White "GM Eljanov, Pavel(UKR)"]
[Black "GM Shirov, Alexei(ESP)"]
[Result "1/2-1/2"]
[WhiteElo "2686"]
[BlackElo "2699"]
[Annotator "Ëåáåäåâ Âàñèëèé"]
[PlyCount "49"]
[EventDate "2007.06.29"]

1. d4 Nf6 2. c4 g6 3. Nc3 d5 4. cxd5 Nxd5 5. e4 Nxc3 6. bxc3 Bg7 7. Nf3 {
Ãëàâíûé , ìàãèñòðàëüíûé â ïîñëåäíåå âðåìÿ âàðèàíò.} c5 8. Bb5+ {Ñòàðèííûé ïëàí.
} Nc6 $1 {«Ãëàâíûé îòâåò» (Ã. Êàñïàðîâ, «Äåáþòíàÿ ðåâîëþöèÿ 70-õ»).} ({
Ïðîäîëæåíèå} 8... Nd7 {«îñëàáëÿåò äàâëåíèå íà ïåøå÷íûé öåíòð, õîòÿ áåëûì
íåïðîñòî äîêàçàòü ñâî¸ ïðåèìóùåñòâî», - îòìå÷àåò 13-é ÷åìïèîí ìèðà è
ñîâåòóåò ïîñìîòðåòü  ñëåäóþùóþ ïàðòèþ:} 9. O-O O-O 10. a4 a6 11. Bc4 Qc7 12.
Qe2 b6 13. e5 e6 14. Ng5 Bb7 15. f4 h6 16. Nxe6 fxe6 17. Bxe6+ Kh8 18. Qg4 Rfd8
19. f5 Nf8 20. f6 Nxe6 21. Qxe6 (21. fxg7+ $1 Nxg7 22. Bxh6 $40 cxd4 $140 (
22... Rg8 $142 $1) 23. Qxg6 $1 Rd7 24. e6 Qc6 25. Rf6 Re7 26. Rf3 $1 Qe8 27.
Rf7) 21... Bf8 22. Qh3 cxd4 23. cxd4 Rxd4 24. e6 Bc5 25. Kh1 h5 26. Ra2 Bd5 27.
Rd2 Rxd2 28. Bxd2 Qe5 29. Qd3 Qxe6 30. Qxg6 Qg4 31. Qh6+ Kg8 32. f7+ Bxf7 33.
Bc3 Bd4 34. h3 Qg7 35. Qc6 Rd8 36. Bxd4 Qxd4 37. Qb7 Rd7 38. Qc6 Kg7 39. Qc1
Qe5 40. Re1 Qf6 41. Rf1 Qd4 {0-1 Stein,L (2620)-Karpov,A (2630)/Moscow 1972/MCD
}) ({À â ñëó÷àå} 8... Bd7 {Rybka ãîëîñóåò çà} 9. Rb1 $5 ({à åñòü åù¸} 9. Be2
$5 Nc6 $140 (9... Bg4 10. Rb1 $1) 10. O-O $1 {ñ óãðîçîé d4-d5}) ({èëè} 9. Bxd7+
Qxd7 10. O-O cxd4 (10... O-O 11. Rb1 Nc6 12. dxc5 $5 {êàê áûëî â ïàðòèè 1/2 
Illescas Cordoba,M (2590)-Topalov,V (2640)/Dos Hermanas 1994}) 11. cxd4 Nc6 12.
Be3 O-O {è òåïåðü «íåêîòîðûå ïðîáëåìû ïåðåä ÷¸ðíûìè ñòàâèò} 13. d5 $1 {
» (Êàñïàðîâ). È âîò, íàïðèìåð, êàê ðàçâèâàëàñü ñàìàÿ ïåðâàÿ ïàðòèÿ íà ýòó òåìó:
} Ne5 14. Nxe5 Bxe5 15. Rb1 b5 16. f4 Bc3 17. Qd3 b4 18. f5 Rfc8 19. Rf3 Qd6
20. fxg6 hxg6 21. Rbf1 Bf6 22. Rxf6 $1 exf6 23. Bd4 a5 ({èëè} 23... Rc7 24. Qh3
$1 ({èäåÿ áûëà òàêàÿ:} 24. Bxf6 $6 Rac8 25. Qh3 Qb6+ 26. Kh1 Qxf6 $3) 24...
Rac8 25. Qh6 Qf8 26. Qf4 Rd7 27. Qf2) 24. Qe3 Rc4 25. Bxf6 Qc5 26. Qxc5 Rxc5
27. d6 Rc6 28. e5 (28. d7 $143 $5 Rd6 29. Rf3 $1 Rxf6 30. Rxf6 Rd8 31. Ra6 Rxd7
32. Rxa5 Rd2) 28... a4 $4 (28... Ra7 $142 $1 29. Rf3 Kf8 30. Rh3 Ke8 {
è íàäî äåëàòü íè÷üþ:} 31. e6 $1 (31. Rh7 $143 $1 Rca6 $1 (31... a4 $4 32. e6
$1) 32. Bg5 f6 $3 (32... a4 $4 33. Be3 $1 b3 34. Bxa7 b2 35. Rh8+ Kd7 36. Rb8
Rxa7 37. Rxb2 $18) 33. Rh8+ Kf7 34. Bxf6 a4) 31... fxe6 32. Rh8+ Kf7 33. Bd4
Rc1+ 34. Kf2 Rc2+ 35. Ke3 Rd7 ({íî íå} 35... Ra6 36. d7 Rd6 37. Rh7+ Kg8 38.
Be5 $3) 36. Rh7+ Ke8 37. Rh8+ Kf7 $11) 29. Rf4 Rc1+ 30. Kf2 Rc2+ 31. Ke3 Rac8
32. Rxb4 R2c3+ 33. Kd4 Rc2 34. Bg5 Rxa2 35. d7 Ra8 36. Rc4 f6 37. Rc8+ {
(1-0 Flores Alvarez,R - Czerniak,M/Buenos Aires 1939).})) 9. O-O cxd4 10. cxd4
O-O 11. Be3 Bg4 12. Bxc6 bxc6 13. Rc1 Qa5 $1 {
«Èìåííî òàê, èíà÷å ìîæåò ñêàçàòüñÿ ñëàáîñòü ïåøêè ñ6» (Êàñïàðîâ).} 14. Qd2 {
Î÷åðåäíàÿ áåçóñïåøíàÿ ïîïûòêà íàéòè çäåñü áåëûé ïåðåâåñ.} ({Íà íàïðàâëåíèè} 
14. Rxc6 Qxa2 15. Rc7 Qe6 16. h3 Qd6 $1 17. Rc5 Bxf3 18. Qxf3 {
«ó áåëûõ íàáëþäàåòñÿ ÿâíûé êðèçèñ èäåé» (Êàñïàðîâ) -} a5 (18... e6)) 14...
Qxd2 15. Nxd2 Rfd8 16. Nb3 a5 17. Rxc6 ({Èíîãäà ñëó÷àåòñÿ è òàêîå:} 17. f3 Be6
18. Rxc6 a4 19. Nc1 Bxd4 20. Bxd4 Rxd4 21. Rf2 Rd1+ 22. Rf1 Rad8 23. Rc3 R1d2
24. Rf2 Rxf2 25. Kxf2 Rd2+ 26. Kg3 Bxa2 27. Nxa2 Rxa2 28. Rc7 e6 29. Ra7 g5 30.
Kh3 Kg7 31. g3 h5 32. f4 g4+ 33. Kh4 Kh6 {
(0-1 Ehlvest,J (2622) - Shirov,A (2751)/Tallinn 2000).}) 17... a4 18. Nc5 Be2 (
18... Bxd4 19. Bxd4 Rxd4 20. f3 Rc8 21. Rxc8+ Bxc8 22. Rc1 a3 23. Nb3 Rd8 24.
Rc7 Be6 25. Ra7 Rd1+ 26. Kf2 Bxb3 27. axb3 Rd2+ {
(1/2 Kramnik,V (2766) - Svidler,P (2728)/Monte Carlo MNC 2007).}) 19. Re1 {
È òåïåðü ñëåäóåò ìàëåíüêàÿ ñèìïàòè÷íàÿ êîìáèíàöèÿ, èçâåñòíàÿ ñ íåçàïàìÿòíûõ
âðåì¸í.} (19. Rc1 $5) 19... Bxd4 $1 20. Rxe2 ({Èëè} 20. Bxd4 Rxd4 21. h3 Rd2
22. a3 Rc2 23. Rc7 e5 24. Rb1 Rd8 {
È ïî ïðàâó èçìîæä¸ííîãî îáîçðåâàòåëÿ çàâåðøàþ âñ¸ ñëåäóþùåé íè÷üåé:} 25.
Rbb7 Rd1+ 26. Kh2 Rdc1 (26... Rcc1 $4 27. Ne6 $1 $18) 27. Rxf7 Rxc5 28. Rg7+
Kf8 29. Rgf7+ Kg8 (29... Ke8 $4 30. Rxh7 $18) 30. Rg7+ Kf8 $11) 20... Bxc5 21.
g3 {(ãðîçèë ìàò ïî ïåðâîé)} Bxe3 22. Rxe3 Rd2 23. a3 (23. Ra3 $6 Rb8) 23... Rb8
24. Rc4 Rb3 $146 (24... Rbb2 25. Rf3 Rb3 {
(1/2 Razuvaev,Y (2470) - Tseshkovsky,V (2560)/Minsk 1979).}) 25. Rxb3 ({Ïîñëå} 
25. Rxb3 axb3 26. Rb4 b2 27. Kg2 $11 {è, â êîíöå êîíöîâ, ÷¸ðíûå áóäóò
âûíóæäåíû îáìåíÿòü ñâîþ ïðîõîäíóþ «b» íà áåëîãî øóñòðèêà} ({íî íå} 27. a4
$4 Rd1+)) 1/2-1/2

[Event "Aerosvit 2007"]
[Site "Foros RUS"]
[Date "2007.06.29"]
[Round "11"]
[White "GM Rublevsky, Sergei(RUS)"]
[Black "GM Dominguez Perez, Lenier(CUB)"]
[Result "1/2-1/2"]
[WhiteElo "2680"]
[BlackElo "2678"]
[Annotator "Ëåáåäåâ Âàñèëèé"]
[PlyCount "40"]
[EventDate "2007.06.29"]

1. e4 c5 2. Nf3 d6 3. d4 cxd4 4. Nxd4 Nf6 5. Nc3 a6 6. Bc4 e6 7. Bb3 b5 8. Qf3
({Íè íà ÷òî îñîáî íå ïðåòåíäóÿ, â ïîñëåäíåì òóðå Ñåðãåé íà ñòàë ëîìàòü êîïüÿ
íà ãëàâíîì íàïðàâëåíèè, âîçíèêàþùåì ïîñëå} 8. O-O {
, êàê ýòî áûëî â åãî ìàò÷å ñ Ïîíîìàð¸âûì:} Be7 9. Qf3 Qb6 10. Be3 Qb7 11. Qg3
b4 12. Na4 Nbd7 13. f3 O-O 14. Rac1 Rb8 15. c3 bxc3 16. Rxc3 Ne5 17. Rfc1 Bd7
18. Qe1 Bd8 19. Qd1 Ba5 20. R3c2 Rfc8 21. Rxc8+ Rxc8 22. Rxc8+ Qxc8 23. Bd2 Qc7
24. Bxa5 Qxa5 25. Nc3 Qc5 26. Kf1 a5 27. Nde2 Kf8 28. Qd4 Qxd4 29. Nxd4 Nd3 30.
Ke2 Nxb2 31. Kd2 a4 32. Kc2 axb3+ 33. axb3 e5 34. Nde2 Nc4 35. bxc4 Be6 36. Nd5
Nd7 37. Nec3 f5 38. Nb5 fxe4 39. fxe4 Bxd5 40. cxd5 Ke7 41. Kd3 Nf6 42. Na3 Ng4
43. h3 Nf6 44. Nc4 Kd7 45. Ke3 Ke7 46. Kf3 Kd7 47. g4 h6 48. Ne3 g6 49. Ng2 Ke7
50. Nh4 Kf7 51. Ke3 Nh7 52. Nf3 Kf6 53. h4 Ke7 54. Nd2 Nf6 55. Kf3 Kd7 56. g5 {
(1/2 Rublevsky,S (2680) - Ponomariov,R (2717)/Elista RUS 2007).}) {Â òåïåðü
ñòîèò îáðàòèòü âíìèàíèå íà ïàðòèè Àíäðåÿ Âîëîêèòèíà, êîòîðûé çäåñü äîáèâàåòüñÿ
ïðîñòî-òàêè îøåëîìëÿþùèõ ðåçóëüòàòîâ} 8... Bb7 (8... Qc7 9. Bg5 (9. g4 b4 10.
g5 Nfd7 11. Na4 Nc6 12. Be3 Na5 13. O-O-O Bb7 14. Bd2 Nxb3+ 15. Qxb3 Be7 16.
Bxb4 Bxe4 17. Rhe1 Bd5 18. Qg3 O-O 19. Nf5 exf5 20. Rxe7 Qc4 21. Qxd6 Be6 22.
b3 Qh4 23. Rxe6 fxe6 24. Qxe6+ Kh8 25. Be7 Qxf2 26. Qxd7 Rfe8 27. Bc5 Qh4 28.
Qxf5 {1-0 Volokitin,A (2594) - Carlsen,M (2484)/Moscow 2004}) 9... Be7 10. Bxf6
Bxf6 11. O-O-O O-O ({èëè} 11... Bb7 12. Ndxb5 (12. Bxe6 $5) 12... axb5 13. Nxb5
Qc6 14. Nxd6+ Ke7 15. Qg3 Nd7 16. f4 Nc5 $2 (16... Kf8 $142 17. e5 Be7 18. f5
$40) 17. e5 Nxb3+ 18. Qxb3 Rhb8 19. exf6+ gxf6 20. Qb4 $3 ({èëè} 20. Nf5+ Ke8
21. Qb4 $1) 20... Ba6 21. Nf5+ {
1-0 Volokitin,A (2645)-Harikrishna,P (2674)/Cap d'Agde 2006}) 12. e5 dxe5 13.
Nxe6 $1 Bxe6 14. Qxa8 Bxb3 15. axb3 Nc6 16. Nd5 Bg5+ 17. Kb1 Qd6 18. Qxa6 Qc5
19. Qb6 {(1-0 Volokitin,A (2645) - Harikrishna,P (2674)/Cap d'Agde 2006).}) 9.
O-O (9. Bg5 Nc6 10. O-O-O Nxd4 11. Rxd4 Be7 12. Rhd1 O-O 13. Qg3 Ne8 14. f4 f6
15. Bh4 Kh8 16. f5 e5 17. R4d3 Nc7 18. Qg4 Qd7 19. Rh3 d5 20. Bf2 g5 $4 21.
Rxh7+ $1 {(1-0 Volokitin,A (2594) - Savchenko,S (2563)/Germany 2004).}) 9...
Nc6 10. Nxc6 Bxc6 11. Re1 Be7 12. Qg3 (12. a3 O-O 13. Bf4 Qc7 14. Rad1 Rfd8 15.
g4 a5 16. g5 Nd7 17. Qh5 Nf8 18. Rd3 b4 19. axb4 axb4 20. Nd1 Qb7 21. Rd4 Ra1
22. Bd2 d5 23. e5 Bc5 24. Rd3 d4 25. Qg4 Bb5 26. h4 Qa6 27. Qg3 Ng6 28. h5 Ne7
29. Kh2 Nf5 30. Qh3 g6 31. Rg1 Bf8 32. Bf4 Bxd3 33. cxd3 Bg7 34. Re1 Rc8 35.
Qf3 gxh5 36. Rg1 h4 37. Qe4 Qc6 38. Qxc6 Rxc6 39. Kg2 Rc5 {
(0-1 Lanc,A (2410) - Savon,V (2425)/Trnava 1989)}) 12... O-O 13. Bh6 Ne8 14. a3
a5 $146 15. Rad1 (15. a4 b4 16. Nb5 Bf6) 15... Qc7 ({Íà} 15... b4 {ïðåäëàãàåòñÿ
} 16. axb4 axb4 17. Na2 $1 Qb6 $140 18. Nc1 Ra1 19. Be3 Qb5 20. f3 Nf6 21. Nd3
$14) 16. Bg5 ({Ëþáîïûòíî, íî, âèäèìî, íè÷åãî íå äà¸ò} 16. a4 {
ñî ñëåäóþùåé èäååé} b4 17. Nb5 Bxb5 18. axb5 Bf6 19. Ba4 $1 Bxb2 20. b6 $1
Qxb6 21. e5 $1 Kh8 22. Be3 Qb7 23. exd6 {
Âîò äëÿ äîñòèæåíèÿ ýòîãî ïîëîæåíèÿ è æåðòâîâàëè áåëûå ñâîè ïåøå÷êè. 2} Bc3 (
23... Nf6 $143 24. c4 $3 bxc3 $140 $2 25. Bc2 Qd7 26. Bd4 Ne8 27. Qh4 f5 28.
Ba4 $1 Qf7 (28... Qxa4 $4 29. Bxg7+ $1) 29. Qe7 $36) 24. Re2 Nf6 25. d7 Rfd8 {
, è çäåñü âûÿñíÿåòñÿ, ÷òî âñÿ çàäóìêà áåëûõ íå ñðàáàòûâàåò:} 26. Qf3 (26. Qd6
$142 $5 Rxd7 $1 27. Bxd7 Rd8 $1 28. Qe7 Rxd7 29. Rxd7 Qxd7 30. Qxd7 Nxd7 31.
Bd2 Be5 $44) 26... Qxf3 27. gxf3 Nxd7 $1 28. Bxd7 ({ïëîõî} 28. Rxd7 Rxd7 29.
Bxd7 a4 30. Bd2 $140 (30. Bxa4 $142 {, íî è çäåñü áåëûì òÿæåëî:} Rxa4 31. Bc5
Ra2 $17) 30... Bxd2 31. Rxd2 a3 32. Rd1 Rd8 $1 33. Kf1 g6 34. Ke2 Kg7 {
- ÷¸ðíûé êîðîëü ïîäõîäèò ê ñëîíó... Íåëüçÿ ê òîìó æå} 35. Bb5 Rxd1 36. Kxd1 a2
$19) 28... a4 $1 29. Bb6 Rxd7 $3 {è â êîíöå âñåé ýòî êîìáèíàöèîííîé âàêõàíàëèè
ïîëó÷àåòñÿ íè÷åéíûé, ïî âñåé âèäèìîñòè, ýíäøïèëü -} 30. Rxd7 a3 31. Bd4 a2
32. Bxc3 bxc3 33. Re1 $8 a1=Q 34. Rxa1 Rxa1+ 35. Kg2 h6 36. Rxf7 Rc1 37. Re7
Rxc2 {.} 38. Rxe6) {
Íî âåðí¸ìñÿ ê ïàðòèè, â êîòîðîé ïðîèçîøëè âåñüìà ìàëîèíòåðåñíûå ñîáûòèÿ.} 16...
Bxg5 17. Qxg5 b4 18. Nb5 Bxb5 19. Qxb5 bxa3 20. bxa3 Nf6 {
È çäåñü áûëà çàôèêñèðîâàíà íè÷üÿ.} ({
Áåëûå íå çàõîòåëè äàæå «òêíóòü» íàïîñëåäîê (ïîñëå} 20... Nf6 {)} 21. e5 $5 {
è äàëåå, íàïðèìåð,} dxe5 ({âèäèìî, õóæå} 21... Rfb8 $143 {èç-çà} 22. exd6 $1 Qxd6 $1
23. Rxd6 Rxb5 24. a4 Rb4 25. Red1 $36 {ïëþñ ïðîõîäíàÿ ïî ëèíèè «ñ»...}) 22.
Qxe5 {è ò.ä.}) 1/2-1/2